[Event "ROM-ch U14 Girls"]
[Site "Calimanesti Caciulata"]
[Date "2019.04.17"]
[Round "3"]
[White "Puia, Alexia Teodora"]
[Black "Serbanuta, Teodora"]
[Result "1-0"]
[WhiteElo "1665"]
[BlackElo "1140"]
[PlyCount "45"]
[EventDate "2019.04.15"]
[EventType "swiss"]
[EventRounds "9"]
[EventCountry "ROU"]
[SourceTitle "CBM 190 Extra"]
[Source "ChessBase"]
[SourceDate "2019.07.15"]
[SourceVersion "1"]
[SourceVersionDate "2019.07.15"]
[SourceQuality "1"]

1. d4 d5 2. Bf4 Nf6 3. e3 e6 4. Nf3 Be7 5. Nbd2 0-0 6. Bd3 h6 7. Ne5 Nbd7 8. Qf3 Nxe5 9. Bxe5 b6 10. g4 Nh7 11. Qg3 Bd6 12. f4 c5 13. c3 Bb7 14. Nf3 Re8 15. Rg1 Bxe5 16. Nxe5 cxd4 17. exd4 Nf6 18. g5 Kf8 19. gxf6 gxf6 20. Qg8+ Ke7 21. Qxf7+ Kd6 22. Qxb7 fxe5 23. fxe5# 1-0

[Event "ROM-ch U14 Girls"]
[Site "Calimanesti"]
[Date "2018.03.29"]
[Round "4"]
[White "Serbanuta, Teodora"]
[Black "Matasaru, Stephanie"]
[Result "0-1"]
[WhiteElo "1108"]
[BlackElo "1668"]
[PlyCount "80"]
[EventDate "2018.03.27"]
[EventType "swiss"]
[EventRounds "9"]
[EventCountry "ROU"]
[SourceTitle "EXT 2019"]
[Source "ChessBase"]
[SourceDate "2018.10.10"]
[SourceVersion "1"]
[SourceVersionDate "2018.10.10"]
[SourceQuality "1"]

1. e4 c5 2. c3 Nf6 3. e5 Nd5 4. Nf3 d6 5. exd6 e6 6. Bc4 Nb6 7. Bb3 Bxd6 8. d4 cxd4 9. cxd4 0-0 10. 0-0 Nc6 11. Nc3 a6 12. Be3 Na5 13. Bc2 Nac4 14. b3 Nxe3 15. fxe3 Nd7 16. Qd3 g6 17. e4 e5 18. d5 Nf6 19. h3 Nh5 20. Ne2 Bd7 21. Qe3 Kg7 22. Kh2 Bb5 23. Bd3 Bxd3 24. Qxd3 Qb6 25. Rac1 f5 26. Kh1 fxe4 27. Qxe4 Rf4 28. Qd3 Raf8 29. g4 e4 30. Qd4+ Qxd4 31. Nexd4 Ng3+ 32. Kg2 exf3+ 33. Kxg3 Rxd4+ 34. Kh4 Rxd5 35. Rcd1 Rxd1 36. Rxd1 f2 37. Rf1 Bc5 38. Kg3 Re8 39. Kf3 Re1 40. Kg2 Kf6 0-1

[Event "ROM-ch U12 Girls"]
[Site "Baile Felix"]
[Date "2017.02.08"]
[Round "8"]
[White "Bira, Andrada Paraschiva"]
[Black "Serbanuta, Teodora"]
[Result "0-1"]
[WhiteElo "1058"]
[BlackElo "1117"]
[PlyCount "114"]
[EventDate "2017.02.02"]
[EventType "swiss"]
[EventRounds "9"]
[EventCountry "ROU"]
[SourceTitle "CBM 176 Extra"]
[Source "ChessBase"]
[SourceDate "2017.03.02"]
[SourceVersion "1"]
[SourceVersionDate "2017.03.02"]
[SourceQuality "1"]

1. e4 e5 2. Nf3 Nc6 3. Bc4 Bc5 4. 0-0 d6 5. d3 Nf6 6. Bg5 0-0 7. Nc3 h6 8. Bh4 Be6 9. Bb3 Nd4 10. Bxe6 fxe6 11. Kh1 Qe8 12. Nxd4 Bxd4 13. Qe2 Qg6 14. Bg3 Nh5 15. Rad1 Rf7 16. Rde1 Raf8 17. Nd1 Rf6 18. c3 Bb6 19. Ne3 Nxg3+ 20. hxg3 Qf7 21. Kg1 h5 22. g4 hxg4 23. Nxg4 Rf4 24. Ne3 Qg6 25. g3 Rf3 26. Kg2 Qf7 27. Kg1 d5 28. exd5 exd5 29. d4 exd4 30. cxd4 Bxd4 31. Rd1 Bxe3 32. fxe3 Rxf1+ 33. Rxf1 Qxf1+ 34. Qxf1 Rxf1+ 35. Kxf1 Kf7 36. Ke2 Ke6 37. Kf3 Ke5 38. g4 d4 39. exd4+ Kxd4 40. Kf4 c5 41. Kf5 b5 42. Kg6 Ke4 43. Kxg7 Kf4 44. Kf6 Kxg4 45. Ke5 a6 46. Kd5 c4 47. Kc5 Kf4 48. Kb6 b4 49. Kc5 c3 50. bxc3 bxc3 51. Kb6 c2 52. Kxa6 c1Q 53. a4 Qb2 54. Ka5 Ke5 55. Ka6 Kd6 56. a5 Kc6 57. Ka7 Qb7# 0-1

[Event "ROM-ch U12 Girls"]
[Site "Calimanesti Caciulata"]
[Date "2016.04.20"]
[Round "3"]
[White "Serbanuta, Teodora"]
[Black "Serbanoiu, Ana Maria"]
[Result "1-0"]
[WhiteElo "1052"]
[BlackElo "1001"]
[PlyCount "60"]
[EventDate "2016.04.18"]
[EventType "swiss"]
[EventRounds "9"]
[EventCountry "ROU"]
[SourceTitle "CBM 172 Extra"]
[Source "ChessBase"]
[SourceDate "2016.06.21"]
[SourceVersion "1"]
[SourceVersionDate "2016.06.21"]
[SourceQuality "1"]

1. e4 c6 2. d4 d5 3. exd5 cxd5 4. c4 Nf6 5. Be2 dxc4 6. Nf3 b5 7. b3 cxb3 8. Bxb5+ Bd7 9. Qxb3 Qa5+ 10. Nc3 Bxb5 11. Qxb5+ Qxb5 12. Nxb5 Nc6 13. Nc7+ Kd7 14. Nxa8 Nb4 15. 0-0 Nc2 16. Rb1 Nd5 17. Rb7+ Ke6 18. Nc7+ Kd6 19. Bf4+ Kc6 20. Rfb1 Nc3 21. Ne5+ Kd6 22. Nxf7+ Kd7 23. R1b2 Ne2+ 24. Kf1 Nexd4 25. Nxh8 Kc6 26. Be5 Nf5 27. Rxa7 e6 28. Rxc2+ Bc5 29. Ra6+ Kd7 30. Rxc5 Nd6 1-0